| 000 | 01489 a2200301 4500 | ||
|---|---|---|---|
| 003 | OSt | ||
| 005 | 20180116192331.0 | ||
| 008 | 120210t xxu||||| |||| 00| 0 eng d | ||
| 010 | _a 2004353517 | ||
| 020 | _a0195515455 | ||
| 020 | _a978195515459 | ||
| 035 | _a(OCoLC)ocm53899595 | ||
| 040 | _c0 | ||
| 082 | 0 | 0 | _a307.76 |
| 100 | 1 | _aBounds, Michael. | |
| 245 | 1 | 0 |
_aUrban social theory : _bcity, self, and society / _cMichael Bounds. |
| 260 |
_aSouth Melbourne, Vic. ; _aOxford : _bOxford University Press, _c2004. |
||
| 300 |
_axvi, 384 p. : _bill. ; _c23 cm. |
||
| 500 | _aIncludes bibliographical references and index. | ||
| 505 | 0 | _aList of figures -- List of Tables -- Acknowledgments -- Introduction -- Social theory and the city -- Urban history -- community, suburbia, and social capital -- Images of the city and the social construction of meaning -- Crime and the city -- The divided city -- The state, the local, and the global -- Urban politics -- Urban professions -- Housing , citizenship, and society -- Family and gender -- Concluding comments -- Selected biographical data -- Glossary of terms -- notes -- bibliography -- index | |
| 650 | 0 | _aSociology, Urban. | |
| 650 | 0 | _aUrban geography | |
| 650 | 0 | _aCities and towns | |
| 650 | 0 | _aUrbanization | |
| 856 | 4 | 2 |
_3Publisher description _uhttp://www.loc.gov/catdir/enhancements/fy0621/2004353517-d.html |
| 942 |
_aSADA _cBK _k307.76 BOU 2004 _2ddc |
||
| 999 |
_c352318 _d352318 |
||